000 00229 a2200097 4500
001 48513
100 _aBrooks, L
245 _aAsia and Australia, Pt 5 -Asia
260 _aBickley
_bUniv of London press
_c
090 _c31449
_d31449
942 _aNUST-CAE
_cM
_c23835
999 _c283586
_d283586